|
|
|
|
| LEADER |
00000nab a2200000 a 4500 |
| 001 |
vtls000678133 |
| 003 |
SK-MaSNL |
| 005 |
20260304094730.0 |
| 008 |
250425c1998 xo 0 slo |
| 015 |
|
|
|a SNBRB1999/01-01871
|
| 035 |
|
|
|a CLN000030302
|
| 035 |
|
|
|a urn:nbn:sk:snk-abaiam
|
| 035 |
|
|
|a (urnnbn)urn:nbn:sk:snk:ar-008ocq
|
| 035 |
|
|
|a (uuid)3d70442c-0e4e-4aed-9ea3-79d8c3a97b87
|
| 040 |
|
|
|a SNKBUCL
|b slo
|c SNKBUCL
|e AACR2
|
| 041 |
0 |
|
|a slo
|
| 044 |
|
|
|a xo
|c SK
|
| 080 |
|
|
|a 78.091.4:782/785:786/789
|2 1997
|
| 080 |
|
|
|a 782/785
|2 1997
|
| 080 |
|
|
|a 786/789
|2 1997
|
| 100 |
1 |
|
|a Maťašová, Helena
|4 aut
|9 895815
|
| 245 |
1 |
0 |
|a Ako zveľadiť náš festival
|b BHS - 34. ročník
|c Helena Maťašová
|
| 300 |
|
|
|b Fotogr.
|
| 611 |
2 |
7 |
|a Bratislavské hudobné slávnosti
|n (34. :
|d 1998 :
|c Bratislava, Slovensko)
|2 snkbucl
|9 96768
|
| 655 |
|
7 |
|a články z novín a časopisov
|2 snkbucl
|9 267496
|
| 773 |
0 |
|
|t Literárny týždenník
|g Roč. 11, č. 45 (1998), s. 14
|x 0862-5999
|
| 850 |
|
|
|a Slovenská národná knižnica
|
| 852 |
|
|
|a Slovenská národná knižnica
|
| 954 |
|
|
|a odborná, vedecká literatúra pôvodná (slovenská)
|2 lita
|
| 958 |
|
|
|a article14
|
| 958 |
|
|
|a SK
|
| 958 |
|
|
|a OND
|
| 958 |
|
|
|a EUIPO
|
| 992 |
|
|
|a RBX
|
| 999 |
|
|
|c 2828713
|d 2830643
|